ਬਾਲ ਸਾਹਿਤ ਦੀ ਪਛਾਣ / (Record no. 110742)

MARC details
000 -LEADER
fixed length control field 00950nam a22002537a 4500
005 - DATE AND TIME OF LATEST TRANSACTION
control field 20170123164156.0
010 ## - LIBRARY OF CONGRESS CONTROL NUMBER
LC control number B-075562
020 ## - INTERNATIONAL STANDARD BOOK NUMBER
Terms of availability 550.00
035 ## - SYSTEM CONTROL NUMBER
System control number B-075562
037 ## - SOURCE OF ACQUISITION
Source of stock number/acquisition Cen Lib / Ret
040 ## - CATALOGING SOURCE
Original cataloging agency DPL
Language of cataloging PN
082 ## - DEWEY DECIMAL CLASSIFICATION NUMBER
Classification number 850.8
Item number ਰਮਾਰ
100 ## - MAIN ENTRY--PERSONAL NAME
Personal name ਰਮਾ ਰਤਨ
9 (RLIN) 46919
245 ## - TITLE STATEMENT
Title ਬਾਲ ਸਾਹਿਤ ਦੀ ਪਛਾਣ /
Statement of responsibility, etc ਰਮਾ ਰਤਨ
246 ## - VARYING FORM OF TITLE
Title proper/short title Bal sahit di pachan /
Remainder of title by Rama Rattan
260 ## - PUBLICATION, DISTRIBUTION, ETC. (IMPRINT)
Place of publication, distribution, etc ਅੰਮ੍ਰਿਤਸਰ
Name of publisher, distributor, etc ਲੋਕ ਸਾਹਿਤ ਪ੍ਰਕਾਸ਼ਨ
Date of publication, distribution, etc 2001
270 ## - ADDRESS
Address 186, ਗਰੀਨ ਔਵੀਨਿਊ
City ਅੰਮ੍ਰਿਤਸਰ
Postal code 143001
300 ## - PHYSICAL DESCRIPTION
Extent 372p.
Dimensions 21cm(pbk)
650 ## - SUBJECT ADDED ENTRY--TOPICAL TERM
Topical term or geographic name as entry element ਪੰਜਾਬੀ-- ਸਾਹਿਤ
9 (RLIN) 141985
650 ## - SUBJECT ADDED ENTRY--TOPICAL TERM
Topical term or geographic name as entry element ਪੰਜਾਬੀ-- ਕਹਾਣੀਆਂ
9 (RLIN) 141986
650 ## - SUBJECT ADDED ENTRY--TOPICAL TERM
Topical term or geographic name as entry element Punjabi-- Literature
9 (RLIN) 141987
650 ## - SUBJECT ADDED ENTRY--TOPICAL TERM
Topical term or geographic name as entry element Punjabi Literature--Fiction
9 (RLIN) 141988
942 ## - ADDED ENTRY ELEMENTS (KOHA)
Source of classification or shelving scheme Dewey Decimal Classification
Koha item type Punjabi Bks
Classification part 850.8
Call number suffix ਰਮਾਰ
Holdings
Withdrawn status Lost status Damaged status Not for loan Home library Current library Date acquired Source of acquisition Cost, normal purchase price Total Checkouts Full call number Barcode Date last seen Copy number Cost, replacement price Price effective from Koha item type
        Central Library Central Library 08/02/2016 Cen Lib/Ret 550.00   850.8 ਰਮਾਰ B-075562 08/02/2016 1 550.00 15/09/2016 Punjabi Bks

© Delhi Public Library
Hit Counter
free hit counter